Brisbane Lions Theme Song - Statistics

General Stats
  • This quiz has been taken 202 times
  • The average score is 45 of 52
Answer Stats
Answer % Correct
Brisbane
99%
Brisbane
99%
Are
97%
The
97%
The
97%
The
97%
We
97%
We
97%
We
97%
We
97%
Lions
93%
Lions
93%
To
93%
Of
91%
Of
91%
Town
91%
And
90%
And
90%
And
90%
Pride
90%
For
89%
For
89%
For
89%
Go
89%
Roar
88%
Victory
88%
Will
88%
Will
88%
Always
87%
Blue
86%
Mighty
86%
Fight
85%
Gold
85%
Hear
84%
Score
84%
Winning
83%
Kick
82%
Wear
82%
All
81%
All
81%
Bears
80%
Maroon
80%
One
80%
One
80%
You'll
79%
Old
77%
We'll
77%
Like
76%
Fitzroy
75%
Our
74%
Call
73%
Answer
71%
No matching quizzes found
Score Distribution
Percent of People with Each Score
Percentile by Number Answered
Your Score History
You have not taken this quiz